[Event "GER-ch U18 sf Berlin Online"]
[Site "Playchess.com INT"]
[Date "2020.05.01"]
[Round "5"]
[White "Feidt, Jonas"]
[Black "Rosol, Alexander"]
[Result "0-1"]
[WhiteElo "1607"]
[BlackElo "1783"]
[PlyCount "58"]
[EventDate "2020.05.01"]
[EventType "swiss (blitz)"]
[EventRounds "13"]
[EventCountry "GER"]
[SourceTitle "CBM 195 Extra"]
[Source "ChessBase"]
[SourceDate "2020.05.31"]
[SourceVersion "1"]
[SourceVersionDate "2020.05.31"]
[SourceQuality "1"]

1. c4 Nf6 2. g3 g6 3. Nc3 Bg7 4. Bg2 d6 5. e4 0-0 6. Nge2 Nbd7 7. 0-0 e5 8. d3 c6 9. f4 Ne8 10. f5 a5 11. Be3 Rb8 12. a4 Kh8 13. Qd2 Nef6 14. Bh6 Bxh6 15. Qxh6 Ng8 16. Qd2 g5 17. Nd1 f6 18. Ne3 h6 19. d4 Kg7 20. dxe5 Nxe5 21. Nd4 Qe7 22. b3 b6 23. Qd1 Rd8 24. Ng4 Rb7 25. Nxe5 dxe5 26. Nxc6 Rxd1 27. Nxe7 Rxf1+ 28. Bxf1 Nxe7 29. Rd1 Rd7 0-1

[Event "GER-ch U18 sf Berlin Online"]
[Site "Playchess.com INT"]
[Date "2020.05.01"]
[Round "7"]
[White "Feidt, Jonas"]
[Black "Zhou, Lepu Coco"]
[Result "1-0"]
[WhiteElo "1607"]
[BlackElo "1679"]
[PlyCount "73"]
[EventDate "2020.05.01"]
[EventType "swiss (blitz)"]
[EventRounds "13"]
[EventCountry "GER"]
[SourceTitle "CBM 195 Extra"]
[Source "ChessBase"]
[SourceDate "2020.05.31"]
[SourceVersion "1"]
[SourceVersionDate "2020.05.31"]
[SourceQuality "1"]

1. c4 Nf6 2. g3 g6 3. Bg2 Bg7 4. Nc3 0-0 5. e4 d6 6. Nge2 Nc6 7. 0-0 e5 8. d3 Nh5 9. Be3 f5 10. exf5 gxf5 11. f4 Nf6 12. Nd5 Nxd5 13. Bxd5+ Kh8 14. Nc3 Ne7 15. Bg2 c6 16. Rc1 Ng6 17. b4 exf4 18. Bxf4 Bd4+ 19. Kh1 Nxf4 20. Rxf4 Be3 21. Rh4 Bxc1 22. Qxc1 Qf6 23. Ne2 Rg8 24. Nf4 Rg4 25. Rh3 Bd7 26. Bf3 Rg5 27. Nh5 Qd4 28. Qxg5 Qa1+ 29. Kg2 Qxa2+ 30. Kg1 Qa1+ 31. Kf2 Qb2+ 32. Be2 Re8 33. Qf6+ Qxf6 34. Nxf6 Re7 35. Kf3 Bc8 36. d4 Re6 37. Rxh7# 1-0

[Event "GER-ch U25-B"]
[Site "Willingen"]
[Date "2019.06.12"]
[Round "6"]
[White "John, Niklas"]
[Black "Feidt, Jonas"]
[Result "1/2-1/2"]
[WhiteElo "1324"]
[BlackElo "1622"]
[PlyCount "52"]
[EventDate "2019.06.08"]
[EventType "swiss"]
[EventRounds "9"]
[EventCountry "GER"]
[SourceTitle "CBM 191 Extra"]
[Source "ChessBase"]
[SourceDate "2019.09.30"]
[SourceVersion "1"]
[SourceVersionDate "2019.09.30"]
[SourceQuality "1"]

1. e4 c6 2. d4 d5 3. Nd2 dxe4 4. Nxe4 Bf5 5. Ng3 Bg6 6. Nf3 Nd7 7. Bf4 e6 8. Bd3 Ngf6 9. 0-0 Be7 10. c4 0-0 11. Re1 Re8 12. Bxg6 hxg6 13. Qd3 Nb6 14. Rad1 c5 15. Qb3 Qc8 16. Re2 Rd8 17. Rc2 cxd4 18. Rxd4 Bc5 19. Rxd8+ Qxd8 20. Rd2 Qe7 21. Bg5 Rd8 22. Bxf6 gxf6 23. Rxd8+ Qxd8 24. Ne4 Be7 25. g3 Qc7 26. Ned2 Qc5 1/2-1/2